000 00436nam a2200157 4500
001 126696
003 ES-MaACL
005 20230906192849.0
007 t|
008 070214s1963 sp r ||||1| cat d
100 1 _aResten, A.
_996342
245 1 0 _aComprendre i educar els fills /
_cA. Resten ; traductor Joan Xanco.
260 _aBarcelona :
_bEstela,
_c1963.
300 _a181 p. ;
_c20 cm.
852 _aES-MaACL
_jC-23271
_bR.51886
999 _c126696
_d126696